000 00296nam a22001337a 4500
008 181224b xxu||||| |||| 00| 0 eng d
020 _a9780205298563
041 _aeng
080 _a370
100 _a48
101 _aEDU
245 _atHE aLLYN bACON handbook
_cRosen.L.J
942 _2udc
_cBK
999 _c53727
_d53727